[Event "Challenge"]
[Site "http://www.queenalice.com/game.php?id=1154872"]
[Date "2013.2.23"]
[Round "-"]
[White "Thorn985"]
[Black "tylsar16"]
[Result "1-0"]
[WhiteElo "1652"]
[BlackElo "1645"]

1. d4 Nf6 2. c4 e6 3. Nf3 c6 4. Nc3 Bb4 5. e3 Qa5 6. Qc2 O-O 7. c5 Ne4 8. Bd3
Nxc3 9. a3 Na2+ 10. axb4 Qxb4+ 11. Bd2 Qxd2+ 12. Qxd2 f5 13. Rxa2 Rf6 14. O-O
Na6 15. e4 d5 16. e5 Rg6 17. Bxa6 bxa6 18. Nh4 Rg4 19. g3 Rb8 20. f3 Rxh4 21.
gxh4 Bb7 22. Qb4 f4 23. Rxa6 Bxa6 24. Qxb8+ Kf7 25. Ra1 Be2 26. Rxa7+ Kg6 27.
Qf8 Kh5 28. Qxf4 Bxf3 29. Qxf3+ Kxh4 30. Rxg7 h5 31. Qg3# 1-0

[Event "Challenge"]
[Site "http://www.queenalice.com/game.php?id=1154874"]
[Date "2013.2.23"]
[Round "-"]
[White "tylsar16"]
[Black "alexsandrob3478"]
[Result "1-0"]
[WhiteElo "1577"]
[BlackElo "1873"]

1. e4 c5 2. Nf3 d6 3. c3 e5 4. Bb5+ Bd7 5. Qa4 Nc6 6. O-O a6 7. Bxc6 Bxc6 8. Qb3
Bxe4 9. Re1 Bxf3 10. gxf3 Qg5+ 11. Kf1 b5 12. d3 Nf6 13. Bxg5 Be7 14. Bxf6 Bxf6
15. c4 O-O 16. cxb5 axb5 17. Qxb5 Rfb8 18. Qc6 Be7 19. Rc1 Rc8 20. Qb7 Bf8 21.
Qd7 Rd8 22. Qc6 Rdc8 23. Qd5 Ra4 24. Rc4 Ra7 25. Nc3 Rb8 26. Nd1 Ra6 27. a3 g6
28. Rac1 Kg7 29. b4 1-0

[Event "Challenge"]
[Site "http://www.queenalice.com/game.php?id=1156144"]
[Date "2013.2.28"]
[Round "-"]
[White "Aly24"]
[Black "tylsar16"]
[Result "0-1"]
[WhiteElo "758"]
[BlackElo "1589"]

1. Nf3 c5 2. e4 Nf6 3. Bb5 Nxe4 4. d3 Nd6 5. c4 Qa5+ 6. Nc3 Nxb5 7. cxb5 e6 8.
Ne5 Bd6 9. Nc4 Qc7 10. O-O O-O 11. a4 a6 12. Be3 f6 13. Rb1 Be5 14. Bxc5 d6 15.
bxa6 dxc5 16. b4 Bxc3 17. bxc5 bxa6 18. Rc1 Be5 19. Ne3 Bf4 20. Nc4 Bxc1 21.
Qxc1 Qxc5 22. Re1 Rd8 23. Rxe6 Bxe6 24. Kf1 Rxd3 25. h4 Bxc4 26. a5 Nc6 27. Qc2
Nxa5 28. Qa4 Rd1# 0-1

[Event "Challenge"]
[Site "http://www.queenalice.com/game.php?id=1156571"]
[Date "2013.3.1"]
[Round "-"]
[White "tylsar16"]
[Black "Thorn985"]
[Result "1/2-1/2"]
[WhiteElo "1631"]
[BlackElo "1749"]

1. e4 c5 2. Nf3 e6 3. c4 Nc6 4. Bd3 Nf6 5. O-O d6 6. Nc3 Be7 7. Re1 O-O 8. Qa4
Bd7 9. Bb1 e5 10. d3 a6 11. Nd5 Nxd5 12. cxd5 Nd4 13. Qd1 Bg4 14. Be3 Nxf3+ 15.
gxf3 Bh5 16. Kg2 Bg5 17. Qb3 Bxe3 18. Rxe3 b5 19. a4 Qg5+ 20. Kf1 Rab8 21. axb5
axb5 22. Ra5 b4 23. Ra6 Rfd8 24. Qd1 Qe7 25. Ke2 Qb7 26. Ra1 f6 27. Qg1 Qb5 28.
Bc2 c4 29. Qg3 Rdc8 30. Qh3 b3 31. Qxh5 bxc2 32. Qg4 cxd3+ 33. Rxd3 c1=Q 34.
Qe6+ Kh8 35. Rxc1 Rxc1 36. Qxd6 Qc4 37. Qxb8+ Qc8 38. Qxc8+ Rxc8 39. Rc3 Rd8 40.
b4 h5 41. h4 Kh7 42. Ke3 g5 43. hxg5 fxg5 44. Rc7+ Kg6 45. Re7 h4 46. Re6+ Kh5
47. Rxe5 h3 48. Re7 Rh8 49. Ra7 h2 50. Ra1 Kh4 51. d6 Kh3 52. e5 Ra8 53. Ke4 Rh8
54. Ke3 Kg2 55. d7 h1=Q 56. Rxh1 Rxh1 57. d8=Q Re1+ 58. Kd2 Rxe5 59. Qd7 Kxf3
60. Qf7+ Kg2 61. f4 1/2-1/2

[Event "Challenge"]
[Site "http://www.queenalice.com/game.php?id=1156572"]
[Date "2013.3.1"]
[Round "-"]
[White "Thorn985"]
[Black "tylsar16"]
[Result "1-0"]
[WhiteElo "1749"]
[BlackElo "1639"]

1. e4 c5 2. Nf3 Nf6 3. e5 Ne4 4. d3 Qa5+ 5. c3 Nxc3 6. Nxc3 Nc6 7. Bd2 f6 8.
exf6 exf6 9. Qb3 Bd6 10. Nb5 Qb6 11. Nxd6+ Ke7 12. Nxc8+ Raxc8 13. Qxb6 axb6 14.
Be2 Kf7 15. O-O Rce8 16. Bd1 g6 17. Bb3+ Kf8 18. Bh6+ Ke7 19. Bg7 Kd8 20. Bxf6+
Kc8 21. Bxh8 Rxh8 22. Rfe1 Nb4 23. Re2 Nxd3 24. Rd1 Nb4 25. Rde1 Kd8 26. Ne5 Rf8
27. Re4 d6 28. Nc4 d5 29. Rd1 Kc7 30. Rxd5 Nxd5 31. Nd2 Rd8 32. Bxd5 Rxd5 33.
Nf1 Rd1 34. Re7+ Rd7 35. Rxd7+ Kxd7 36. Ne3 b5 37. g4 Ke6 38. f4 b6 39. Kf2 b4
40. b3 Kf7 41. Ke2 Kg7 42. Kd3 h5 43. h3 hxg4 44. hxg4 Kf6 45. Kc4 g5 46. f5 Ke5
47. Kb5 Kf4 48. f6 Kxe3 49. f7 Kf3 50. f8=Q+ Kxg4 51. Kxb6 Kh3 52. Qxc5 g4 53.
Qe3+ g3 54. Kb5 Kh2 55. Kxb4 g2 56. a4 g1=Q 57. Qxg1+ Kxg1 58. a5 Kf2 59. a6 Ke3
60. a7 Kd4 61. a8=Q Kd3 62. Qd5+ Ke3 63. Kc4 Kf4 64. Kd4 Kg4 65. Qf7 Kh4 66. Qg7
Kh5 67. Ke4 Kh4 68. Kf4 Kh3 69. Qg3# 1-0

[Event "Challenge"]
[Site "http://www.queenalice.com/game.php?id=1156593"]
[Date "2013.3.1"]
[Round "-"]
[White "tylsar16"]
[Black "toninhojit"]
[Result "0-1"]
[WhiteElo "1665"]
[BlackElo "2403"]

1. e4 e5 2. Nf3 Nc6 3. Bc4 Bc5 4. O-O Nf6 5. d3 O-O 6. Be3 Bb6 7. Bxb6 axb6 8.
Nc3 d6 9. Nd5 Bg4 10. Nxf6+ Qxf6 11. a4 Nd4 12. Bd5 Nxf3+ 13. gxf3 Bxf3 14. Qxf3
Qxf3 15. Bxb7 Rae8 16. Ra3 Re6 17. Rc3 Rg6# 0-1

[Event "Challenge"]
[Site "http://www.queenalice.com/game.php?id=1157527"]
[Date "2013.3.4"]
[Round "-"]
[White "tylsar16"]
[Black "Paulsains"]
[Result "0-1"]
[WhiteElo "1589"]
[BlackElo "1850"]

1. e4 e5 2. Nf3 Nf6 3. Nxe5 Qe7 4. d4 Nxe4 5. Bd3 d5 6. f3 Nf6 7. O-O Be6 8. c4
dxc4 9. Nxc4 Nc6 10. Qb3 Bxc4 11. Bxc4 Na5 12. Qb5+ Qd7 13. Re1+ Be7 14. Qxa5
Qxd4+ 15. Kh1 Qxc4 16. Qe5 Qe6 17. Qxe6 fxe6 18. Rxe6 Kf7 19. Re3 Rad8 20. Nc3
Rhe8 21. Re2 Bb4 22. Be3 Bxc3 23. bxc3 Nd5 24. Rae1 Nxe3 25. Rxe3 Rxe3 26. Rxe3
Rd1+ 27. Re1 Rxe1# 0-1

[Event "Challenge"]
[Site "http://www.queenalice.com/game.php?id=1158020"]
[Date "2013.3.5"]
[Round "-"]
[White "tylsar16"]
[Black "eddval"]
[Result "0-1"]
[WhiteElo "1624"]
[BlackElo "2123"]

1. e4 e5 2. Nf3 Nc6 3. Bc4 Bc5 4. O-O Nf6 5. d3 h6 6. Nc3 d6 7. Nd5 Be6 8. Nxf6+
Qxf6 9. Bxe6 fxe6 10. Be3 Bb6 11. Bxb6 axb6 12. c4 O-O 13. a4 Rf7 14. b3 Raf8
15. Qe1 g5 16. b4 g4 17. Nd2 Nd4 18. Qe3 Nc2 19. Qg3 Nxa1 20. Rxa1 Qxf2+ 21.
Qxf2 Rxf2 0-1

[Event "Challenge"]
[Site "http://www.queenalice.com/game.php?id=1159010"]
[Date "2013.3.8"]
[Round "-"]
[White "tylsar16"]
[Black "rchedid"]
[Result "1-0"]
[WhiteElo "1620"]
[BlackElo "1944"]

1. e4 c5 2. Nf3 d6 3. c3 Nf6 4. Bc4 e6 5. O-O Nc6 6. d4 cxd4 7. Nxd4 Be7 8. Nxc6
bxc6 9. Be3 Nxe4 10. Qd4 Nf6 11. Bb3 Bb7 12. Qa4 O-O 13. Bxa7 c5 14. Nd2 Qc7 15.
Rae1 1-0

[Event "Challenge"]
[Site "http://www.queenalice.com/game.php?id=1159420"]
[Date "2013.3.9"]
[Round "-"]
[White "AndersonSouza"]
[Black "tylsar16"]
[Result "1-0"]
[WhiteElo "1576"]
[BlackElo "1665"]

1. b3 e6 2. Bb2 Be7 3. g3 c5 4. Bg2 Nc6 5. a3 Bf6 6. Nc3 Bxc3 7. Bxc3 Nf6 8. h3
O-O 9. e3 Qc7 10. f4 Nd5 11. Bxd5 exd5 12. Qg4 d4 13. exd4 cxd4 14. Bb4 Nxb4 15.
axb4 Qxc2 16. Ne2 Re8 17. Ra3 d3 18. Rh2 dxe2 19. Rxe2 Rxe2+ 20. Qxe2 Qc1+ 21.
Kf2 h6 22. Ra5 Qh1 23. h4 Qh2+ 24. Kf3 Qxe2+ 25. Kxe2 b6 26. Re5 Ba6+ 27. d3 d6
28. Rd5 Re8+ 29. Kd2 Rd8 30. b5 Bb7 31. Rd4 f5 32. b4 a5 33. bxa5 bxa5 34. Kc2
d5 35. Kb3 Re8 36. Ra4 Re3 37. Kc3 Rxg3 38. Rxa5 Rh3 39. Ra7 Rxh4 40. Rxb7 Rxf4
41. Rb8+ Kf7 42. b6 Ra4 43. Rc8 d4+ 44. Kb3 Ra6 45. Rc7+ Kg6 46. b7 Rb6+ 47. Ka4
f4 48. Ka5 Rxb7 49. Rxb7 f3 50. Rb1 f2 51. Rf1 h5 52. Rxf2 h4 53. Kb4 Kg5 54.
Kc4 h3 55. Kxd4 Kg4 56. Ke3 Kg3 57. d4 h2 58. Rf1 Kg2 59. Ke2 g5 60. d5 1-0

[Event "Challenge"]
[Site "http://www.queenalice.com/game.php?id=1164058"]
[Date "2013.3.23"]
[Round "-"]
[White "tylsar16"]
[Black "adelio"]
[Result "0-1"]
[WhiteElo "1624"]
[BlackElo "1738"]

1. e4 e5 2. d3 c5 3. Nf3 f6 4. a4 a5 5. Be3 Nc6 6. Ra3 b6 7. c4 Qc7 8. Nc3 Nge7
9. g3 d6 10. Nb5 Qb8 11. Be2 h5 12. d4 Bg4 13. dxc5 Nc8 14. cxb6 Bxf3 15. Bxf3
Ra6 16. Bxh5+ Kd8 17. O-O Nxb6 18. c5 Nd4 19. Bxd4 exd4 20. Nxd4 Nd7 21. c6 Nc5
22. Be2 Rb6 23. Qd2 Qa7 24. Rb1 Nxe4 25. Qc2 Nc5 26. Bb5 Rh5 27. Qg6 Rg5 28. Qh7
Qe7 29. Qh8 Re5 30. Kf1 Ne4 31. Rd1 d5 32. Nf3 Rf5 33. Kg2 Ng5 34. Nxg5 fxg5 35.
Qh7 Qe4+ 36. Kg1 Bc5 37. Rc3 Bxf2+ 38. Kf1 Qh1+ 0-1

[Event "Challenge"]
[Site "http://www.queenalice.com/game.php?id=1164867"]
[Date "2013.3.26"]
[Round "-"]
[White "tylsar16"]
[Black "tucuman"]
[Result "0-1"]
[WhiteElo "1641"]
[BlackElo "1698"]

1. e4 e5 2. d3 Nc6 3. b3 d5 4. exd5 Qxd5 5. Nc3 Bb4 6. Nf3 Bxc3+ 7. Bd2 Bxa1 8.
Qxa1 Nf6 9. c4 Qe6 10. Ng5 Qe7 11. g3 h6 12. Ne4 Nxe4 13. dxe4 Nd4 0-1

[Event "Challenge"]
[Site "http://www.queenalice.com/game.php?id=1165978"]
[Date "2013.3.29"]
[Round "-"]
[White "tylsar16"]
[Black "Thorn985"]
[Result "0-1"]
[WhiteElo "1586"]
[BlackElo "1793"]

1. e4 c5 2. d3 Nc6 3. b3 g6 4. Bb2 Nf6 5. g3 Bg7 6. a4 d6 7. Nf3 Bg4 8. Nc3 Nd4
9. Bg2 Nd7 10. O-O Ne5 11. Qb1 Nexf3+ 12. Bxf3 Nxf3+ 13. Kg2 Nd2 14. Qa2 Nxf1
15. Kxf1 Bd4 16. Nb5 Bxb2 17. Qxb2 O-O 18. Kg2 d5 19. e5 d4 20. f3 Qd5 21. Rf1
Qxe5 22. Qa3 Qe2+ 23. Kg1 Bxf3 24. Rf2 Qe3 25. Qxc5 Rfd8 26. Nc7 Rac8 27. a5 Rd7
28. a6 Rdxc7 29. axb7 Rxc5 30. bxc8=N Rxc8 31. Kf1 Qc1# 0-1

[Event "Challenge"]
[Site "http://www.queenalice.com/game.php?id=1165979"]
[Date "2013.3.29"]
[Round "-"]
[White "Thorn985"]
[Black "tylsar16"]
[Result "1-0"]
[WhiteElo "1749"]
[BlackElo "1612"]

1. e4 c5 2. Nf3 e6 3. d4 Nc6 4. Nc3 cxd4 5. Nxd4 Bb4 6. Nxc6 bxc6 7. Qd4 Bxc3+
8. Qxc3 Qf6 9. e5 Qg6 10. b3 Qe4+ 11. Be3 g5 12. Bd3 Qg4 13. O-O Ne7 14. h3 Qh4
15. Kh2 Nd5 16. Qd2 Nxe3 17. fxe3 O-O 18. Rf6 Rb8 19. Raf1 Qh5 20. Be2 Qh4 21.
g3 Qb4 22. Qd3 Rb5 23. Bh5 Rxe5 24. Rxf7 Rxf7 25. Rxf7 Ra5 26. Qxh7# 1-0